| 000 | 00608nam a2200193Ia 4500 | ||
|---|---|---|---|
| 003 | GCL | ||
| 008 | 140319s9999 xx 000 0 ara d | ||
| 040 |
_aGCL / _cGCL |
||
| 082 | 0 | 4 |
_a001.6424 _bا ل |
| 100 | 1 | _aاسامة الحسينى | |
| 245 | 1 | 0 |
_aلوتس Lotus 123 123 / _cاسامة الحسينى |
| 260 |
_a[S.N] : _bدار الراتب الجامعية |
||
| 300 | _a414 ص | ||
| 490 |
_aموسوعة البرمجيات الحديثة _v0 |
||
| 650 | 0 | 4 | _aالحاسبات الالكترونية |
| 650 | 0 | 4 | _aالبرامج |
| 650 | 0 | 4 | _aالبرامج الالية |
| 942 |
_2ddc _cBK |
||
| 999 |
_c54205 _d54205 |
||